Quizzes
Events
Quiz Creation
Community
Videos
Private Events
Remove Ads
Sign In
Join for FREE
Feedback
Dark Mode
Quiz Categories
Sports
Geography
Music
Movies
Television
Just For Fun
Miscellaneous
History
Literature
Language
Science
Gaming
Entertainment
Religion
Holiday
For Kids
Quiz Lab
Recent
Popular Today
Quiz Kudos Today
Editor Picks
Curator Picks
Quizzes by...
Day
Popularity
Type
Ratings
Length
Year
Community
Subscriptions
Recent Discussions
Orange Saloon
Badges
Playlists
Quests
Create
Leaderboards
Showdown
Live 5
Trivia Bingo
Activity
Puzzle Library
Sporcle Events
Private Events
Virtual Trivia
Globe League
Become a Host
Pub Owners
SporcleCon
Opinionation
Our Games
Videos
Blog
Mobile Apps
Partnerships
Remove Ads and Go Orange
Feedback
Music
Pop Music
The Beatles
Song
Album
Lyrics
Bands
Singers
Artist
Clip
Rock
Rap
Classical
Billboard
Country Music
Kpop
Taylor Swift
Music
Pop Music
The Beatles
Song
Album
Lyrics
Bands
Singers
Artist
Clip
Rock
Rap
Classical
Billboard
Country Music
Kpop
Taylor Swift
Random Quiz
Search Sporcle
×
Quiz Lab
Quiz Lab
Music
Artist
Type in answers that appear in a list
Type in answers that appear in a list
Classic
Best Score? Go Orange.
Kerrang! The Album '09 Stats
Can you name the all the songs from: Kerrang! the album - '09?
By
goldenlover
10m
42 Questions
82 Plays
82 Plays
82 Plays
Comments
Comments
Give Quiz Kudos
Give Quiz Kudos
-
- Ratings
hide this ad
Replay
Link that replays current quiz
Next Quiz
Link to next quiz in quiz playlist
You Got
0%
They Got
Avg Score
26%
Avg Friend Score
Upgrade to see
Score Distribution
Jump to the score distribution portion of the page
Score
0/42
Timer
10:00
0
Plays Today
Artist
% Correct
Paramore
85.4%
Green Day
82.9%
The All-American Rejects
75.6%
You Me At Six
53.7%
Nickelback
47.6%
Slipknot
47.6%
My Chemical Romance
46.3%
Enter Shikari
46.3%
Metro Station
43.9%
The Prodigy
41.5%
Billy Talent
37.8%
Bring Me The Horizon
32.9%
The Blackout
30.5%
Theory Of A Deadman
26.8%
Shinedown
26.8%
Alexisonfire
25.6%
Papa Roach
25.6%
FightStar
24.4%
Dragonforce
23.2%
Mastodon
20.7%
Gallows
19.5%
Artist
% Correct
Taking Back Sunday
15.9%
The King Blues
15.9%
Cobra Starship
15.9%
Madina Lake
14.6%
Killswitch Engage
14.6%
Disturbed
14.6%
Lamb Of God
14.6%
New Found Glory
13.4%
Marilyn Manson
13.4%
Rolo Tomassi
12.2%
Devildriver
11%
Chiodos
9.8%
Cancer Bats
9.8%
Spinnerette
8.5%
The Ghost Of A Thousand
8.5%
Static-x
8.5%
Swound!
7.3%
In Case Of Fire
7.3%
Blakfish
7.3%
Outcry Collective
7.3%
The Dead Formats
7.3%
Quiz Playlist
Details
Report
Send in Message
Add To Playlist
Classic:
Type in answers that appear in a list
Last Updated: Feb 16, 2017
Quiz Scoreboard
CHALLENGE
Sign Up to Join the Scoreboard
Show All
Scores
Hide
Comments
May contain spoilers
Recently Published
An Introduction to Baseball
by treessimontrees
Sports
5m
Movies - When Are They Set?
by FPL_Elf
Movies
5m
Popular People in 1961
by mucciniale
History
6m
More to Explore
Quiz From the Vault
Featured Blog Post
Where Did the Easter Bunny Come From?
hide this ad
You Might Also Like...
Tags
Album Quiz
Artist Quiz
Song Quiz
America
Hawk
Kerrang
Tony
Tony Hawk
Wasteland
Today's Top Quizzes in Music
Browse Music
hide this ad
Today's Top Quizzes in Artist
Browse Artist
Top Contributed Quizzes in Music
1
Taylor Swift All Songs (2024)
2
Guess the Artist- 70s Songs
3
One Thing in Common: Music
4
KPOP LOGIC QUIZ
5
2010s Album by Cover III
6
Taylor Swift Logic Puzzle
7
Guess the Taylor Swift song (Mystery Song)
8
7-to-1: Billboard Hot 100 #1 Hits of 2010s
9
2010s Album by Cover IV
10
2010s Album by Cover V
Explore More
Trending Topics
Crossword
Anime
NBA
Marvel
Harry Potter
Disney
Kpop
Country
Soccer
WWE
The Office
NFL
Song
Pokémon
Puzzle
hide this ad
More By:
goldenlover
Quiz
Plays
Rating
Category
Featured
Created
First Lines (My Chemical Romance)
2,068
4.67
Music
Feb 23, 2012
All Time Low Song Antonyms
1,944
3.50
Music
Nov 17, 2011
Kerrang Top 100 Rock Songs EVER (2011)
955
4.25
Music
Jul 22, 2011
Kerrang! Rock 100 (2012)
791
3.60
Music
Apr 11, 2012
All Time Low - Dirty Work
755
3.00
Music
Aug 20, 2011
Go to Creator's Profile
Score Distribution
Quiz Creator Spotlight
goldenlover
Follow
Send a Message
Quizzes Created
-
Created Quiz Play Count
-
More By This Creator
Popular Quizzes Today
1
Find the Countries of Europe - No Outlines Minefield
2
Find the US States - No Outlines Minefield
3
The Countries of the World
4
Popular People in 1961
5
Find the US States
6
US States
7
1-10 Letter E Words III
8
Risky Map Clicking: Biggest States A-Z
More Music Quizzes
#8 Hits of the 1980s
Curator's Pick
Trending Quizzes
Risky Map Clicking: Least Populous States A-Z
1-10 Letter F Words
1-10 Letter G Words
Not Quite an Element Typing Challenge
One Thing in Common: United Kingdom
Recently Updated
Leaping Animals
pecheneg
Reality TV Shows (A-Z)
bhenderson79
Rickey Henderson's Hall of Fame Teammates
pecheneg
Champions League XIs: Arsenal
pecheneg
Quick Pick: Celebrities in WWE's Hall of Fame
aduchscher
A-Z Keypad Blitz II
pecheneg
Multiple Oscar Actors
pecheneg
Mystery Phrase Blitz: Oscar 'Best Actors'
pecheneg
F. Scott Fitzgerald Novels
LTH
Pick 3 Villains
ddd62291
Trending Topics
Kpop
NBA
Crossword
Disney
Marvel
Anime
Harry Potter
Country
NFL
Soccer
Pokémon
The Office
Puzzle
WWE
Song
Your Account Isn't Verified!
In order to create a playlist on Sporcle, you need to verify the email address you used during registration. Go to your
Sporcle Settings
to finish the process.
Report this User
Report this user for behavior that violates our
Community Guidelines
.
Details:
Send Report
Go to the Sporcle.com Mobile Site →
Comments